000 00566nam a2200193 4500
005 20260306101126.0
008 260306b |||||||| |||| 00| 0 eng d
020 _a978-93-81358-12-2
040 _aNational Science Library
_cNational Science Library
080 _a551.46 JET
_bQ9
100 _aJethu, Bajrang Lal
245 _aमहासागर बोलते हैं
246 _aMahasagar bolte hai
260 _aBhopal:
_bAisect Publications,
_c2019
300 _a233p.
365 _b250.00
_cINR
650 _aHindi literature
942 _2udc
_cHBK
999 _c67859
_d67859